Designing and conducting mixed methods research

This book was exactly what I needed for the methods section in my thesis proposal. I recommend this book to any graduate student needing to know about mixed methods research in depth. It even provides examples on how to write purpose statements depending on which specific mixed methods design type t...

Mô tả đầy đủ

Đã lưu trong:
Chi tiết về thư mục
Tác giả chính: Creswell, John W.
Định dạng: Sách
Ngôn ngữ:Undetermined
Được phát hành: London Sage 2011
Những chủ đề:
Các nhãn: Thêm thẻ
Không có thẻ, Là người đầu tiên thẻ bản ghi này!
Thư viện lưu trữ: Trung tâm Học liệu Trường Đại học Cần Thơ
LEADER 00937nam a2200205Ia 4500
001 CTU_206210
008 210402s9999 xx 000 0 und d
082 |a 001.42 
082 |b C923 
100 |a Creswell, John W. 
245 0 |a Designing and conducting mixed methods research 
245 0 |c John W. Creswell, Vicki L. Plano Clark 
260 |a London 
260 |b Sage 
260 |c 2011 
520 |a This book was exactly what I needed for the methods section in my thesis proposal. I recommend this book to any graduate student needing to know about mixed methods research in depth. It even provides examples on how to write purpose statements depending on which specific mixed methods design type that you use. 
650 |a Social sciences,Khoa học xã hội 
650 |x Research,Methodology,Nghiên cứu,Phương pháp học 
904 |i Tuyến 
980 |a Trung tâm Học liệu Trường Đại học Cần Thơ